Is your pay keeping up? (Record no. 76863)
[ view plain ]
| 000 -LEADER | |
|---|---|
| fixed length control field | 00767cab a2200193 4500 |
| 001 - CONTROL NUMBER | |
| control field | ##L133209 |
| 008 - FIXED-LENGTH DATA ELEMENTS--GENERAL INFORMATION | |
| fixed length control field | 060420n2006 000 0 eng u |
| 035 ## - SYSTEM CONTROL NUMBER | |
| System control number | (Sirsi) u133209 |
| 041 0# - LANGUAGE CODE | |
| Language code of text/sound track or separate title | eng |
| 110 2# - MAIN ENTRY--CORPORATE NAME | |
| Corporate name or jurisdiction name as entry element | Hill McGlynn |
| 9 (RLIN) | 4916 |
| 245 00 - TITLE STATEMENT | |
| Title | Is your pay keeping up? |
| 260 ## - PUBLICATION, DISTRIBUTION, ETC. | |
| Date of publication, distribution, etc. | 2006 |
| 490 #0 - SERIES STATEMENT | |
| Series statement | Construction News |
| Volume/sequential designation | (6962) 13 April 2006, 22-25(3) |
| 520 ## - SUMMARY, ETC. | |
| Summary, etc. | The Hill McGlynn construction salaries survey gives national average and regional salary breakdowns for quantity and building surveyors, and PQS's. Based on actual permanent placements by Hill McGlynn within the last 6 months. |
| 590 ## - LOCAL NOTE (RLIN) | |
| Local note | IKA250406 |
| 650 24 - SUBJECT ADDED ENTRY--TOPICAL TERM | |
| Topical term or geographic name entry element | HILL MCGLYNN ANNUAL CONSTRUCTION SALARIES SURVEY |
| 690 ## - LOCAL SUBJECT ADDED ENTRY--TOPICAL TERM (OCLC, RLIN) | |
| Topical term or geographic name as entry element | CAREERS, EDUCATION AND TRAINING-SURVEYING APPOINTMENTS |
| 942 ## - ADDED ENTRY ELEMENTS (KOHA) | |
| Suppress in OPAC | 0 |
| Withdrawn status | Lost status | Source of classification or shelving scheme | Damaged status | Not for loan | Home library | Current library | Shelving location | Date acquired | Total Checkouts | Full call number | Barcode | Date last seen | Copy number | Price effective from | Koha item type |
|---|---|---|---|---|---|---|---|---|---|---|---|---|---|---|---|
| Dewey Decimal Classification | London | London | Journal article | 20/04/2006 | L133209 | 133209-1001 | 06/08/2019 | 1 | 06/08/2019 | Journal article |